| 000 | 00706nam a2200229Ia 4500 | ||
|---|---|---|---|
| 003 | OSt | ||
| 005 | 20220923225559.0 | ||
| 006 | a|||||r|||| 00| 0 | ||
| 007 | ta | ||
| 008 | 220922b |||||||| |||| 00| 0 fre d | ||
| 024 | _a271,879 | ||
| 037 | _cTextual | ||
| 040 |
_aARTS _cARTS _bfre |
||
| 041 |
_2fre _afre |
||
| 082 | _aO113,3xN3, 153N1 | ||
| 100 | _aਅੰਮ੍ਰਿਤਾ ਪ੍ਰੀਤਮ | ||
| 245 | 0 | _aਮ॥ਮਲੀ ਰਾਹਵਾਂ | |
| 260 |
_aਦਿੱਲੀ _b ਨੈFਨਲ ਬੁਕ Fਾਪ _c1991 |
||
| 650 | _aਜਰਮਨ ਸਾਹਿਤ | ||
| 942 |
_hO113,3xN3, 153N1 _cTEXL _2CC |
||
| 999 |
_c379263 _d379263 |
||